| 000 | 00987nam a22002897i 4500 | ||
|---|---|---|---|
| 003 | EG-GICUC | ||
| 005 | 20260205101947.0 | ||
| 008 | 260205s1869 uk ||||fr|||| 000 0 eng d | ||
| 040 |
_aEG-GiCUC _beng _cEG-GiCUC _dEG-GiCUC _eRda |
||
| 082 | 0 | 4 |
_221 _a341.81 _bCO . N |
| 092 | 0 | 4 | _221 |
| 099 | _aLaw1 12 341.81 CO . N 1869 | ||
| 100 | 1 |
_aCockburn, Sir Alex _eAuthor. |
|
| 245 | 1 | 0 |
_aNationality : _bOf the Law Relating to Subjects and Aliens Considered With a View to Future Legislation / _cSir Alex Cockburn. _n |
| 264 | 1 |
_aLondon : _bWilliam Ridgway, 169, Piccadilly, _c1869. |
|
| 300 |
_a217page : _billustration ; _c 24 cm. |
||
| 336 |
_2rda contenu _a texte |
||
| 337 |
_2rda medias _aOrdinateur |
||
| 338 |
_2 transporteur rda _a Ressource en ligne |
||
| 500 | _a | ||
| 546 | _aText in English | ||
| 650 | 1 | 4 |
_aPrivate international law _2 |
| 651 | 1 | _2 | |
| 856 | 4 | 0 | _uhttps://fll.law.cu.edu.eg/fulltext/bks/B12-02352.pdf |
| 905 | _a50 | ||
| 942 |
_2ddc _cBK _e21 _n0 |
||
| 999 |
_c61187 _d61187 |
||